000
00325nam a2200145Ia 4500
008
230718s9999 xx 000 0 und d
041
_a
Eng.
082
_a
342.509
_b
ZAF-C
100
_a
Zafar , M. A
245
0
_a
Constitution Islamic
260
_a
Pakistan
_b
Manzoor law
300
_a
239
650
_a
Law
999
_c
29793
_d
29793